[Event "Chigorin Memorial 30th"]
[Site "St Petersburg"]
[Date "2023.10.25"]
[Round "5"]
[White "Troshichev, Yaroslav"]
[Black "Romanov, Vasily"]
[Result "0-1"]
[WhiteElo "1601"]
[BlackElo "1862"]
[PlyCount "137"]
[EventDate "2023.10.21"]
[EventType "swiss"]
[EventRounds "9"]
[EventCountry "RUS"]
[SourceTitle "Mega2024 Update 01"]
[Source "Chessbase"]
[SourceDate "2023.11.12"]
[SourceVersion "1"]
[SourceVersionDate "2023.11.12"]
[SourceQuality "1"]

1. e4 c5 2. Nf3 Nc6 3. Bb5 g6 4. 0-0 Bg7 5. Re1 Nf6 6. c3 0-0 7. d4 d5 8. e5 Ne4 9. Bxc6 bxc6 10. Nbd2 cxd4 11. cxd4 Bf5 12. Nh4 Be6 13. Nxe4 dxe4 14. Rxe4 c5 15. Be3 Qd5 16. Rf4 Rfd8 17. Nf3 Rab8 18. Qe2 c4 19. Rc1 Rdc8 20. Ng5 Bf5 21. g4 Bd3 22. Qf3 Qxf3 23. Rxf3 Rxb2 24. Bf4 Rb1 25. Rxb1 Bxb1 26. Ra3 h6 27. Nf3 g5 28. Bd2 Be4 29. Ne1 Rc7 30. Bc3 e6 31. Ra4 f6 32. f3 Bd5 33. Kf2 fxe5 34. dxe5 Bf8 35. Nc2 Rf7 36. Ne1 Bc5+ 37. Kg3 Rb7 38. Kg2 Rb1 39. h3 Rc1 40. Bd2 Rd1 41. Bc3 Kf7 42. h4 Bb6 43. hxg5 hxg5 44. a3 Kg6 45. Kg3 Rb1 46. Kg2 Rb3 47. Ba1 Rb1 48. Bc3 Rb3 49. Ba1 Re3 50. Kf1 Bc6 51. Rb4 Rxa3 52. Bb2 Ra2 53. Nc2 c3 54. Bxc3 Rxc2 55. Ba1 Rc1+ 56. Kg2 Rxa1 57. Rc4 Bd5 58. Rc8 Ra3 59. Kh2 Bd4 60. Rf8 Bxe5+ 61. Kh3 Bf4 62. Kg2 Bxf3+ 63. Kf2 Bxg4 64. Kg2 Ra2+ 65. Kf1 a5 66. Kg1 a4 67. Kf1 a3 68. Ra8 Ra1+ 69. Kf2 0-1

[Event "Chigorin Memorial 30th"]
[Site "St Petersburg"]
[Date "2023.10.21"]
[Round "1"]
[White "Troshichev, Yaroslav"]
[Black "Tarasenko, Iaroslav"]
[Result "0-1"]
[WhiteElo "1601"]
[BlackElo "2088"]
[PlyCount "54"]
[EventDate "2023.10.21"]
[EventType "swiss"]
[EventRounds "9"]
[EventCountry "RUS"]
[SourceTitle "Mega2024 Update 01"]
[Source "Chessbase"]
[SourceDate "2023.11.12"]
[SourceVersion "1"]
[SourceVersionDate "2023.11.12"]
[SourceQuality "1"]

1. d4 Nf6 2. Bf4 d5 3. Nf3 e6 4. e3 c5 5. Nbd2 Nc6 6. c3 Bd6 7. dxc5 Bxc5 8. Be2 0-0 9. 0-0 Qe7 10. Nb3 Bb6 11. Nbd4 Rd8 12. Nxc6 bxc6 13. Ne5 Bb7 14. Bd3 h6 15. Bc2 c5 16. Ng4 d4 17. exd4 cxd4 18. Qd3 dxc3 19. Nxf6+ Qxf6 20. Qh7+ Kf8 21. Bg3 cxb2 22. Rae1 Rd2 23. Be4 Bxe4 24. Rxe4 Rxf2 25. Bxf2 Qxf2+ 26. Rxf2 b1Q+ 27. Re1 Qxe1# 0-1

[Event "St Petersburg Korchnoi Memorial op"]
[Site "St Petersburg"]
[Date "2023.08.22"]
[Round "7"]
[White "Troshichev, Yaroslav"]
[Black "Gulyan, Artur"]
[Result "1-0"]
[WhiteElo "1640"]
[BlackElo "1353"]
[PlyCount "71"]
[EventDate "2023.08.18"]
[EventType "swiss"]
[EventRounds "9"]
[EventCountry "RUS"]
[SourceTitle "EXT 2024"]
[Source "ChessBase"]
[SourceDate "2023.10.10"]
[SourceVersion "1"]
[SourceVersionDate "2023.10.10"]
[SourceQuality "1"]

1. d4 Nf6 2. Bf4 d5 3. Nf3 c5 4. e3 Nc6 5. c3 Qb6 6. Qc2 cxd4 7. Nxd4 Nxd4 8. exd4 Bd7 9. Be2 Rc8 10. Qb3 Qc6 11. 0-0 a6 12. Nd2 e6 13. a4 b5 14. axb5 axb5 15. Nf3 Bd6 16. Bxd6 Qxd6 17. Bxb5 Rb8 18. Bxd7+ Nxd7 19. Qc2 0-0 20. Ra2 Rfc8 21. Rfa1 Qf4 22. Qd2 Qf5 23. Ra7 Nf6 24. Ne5 Ne4 25. Qe2 Nd6 26. h3 f6 27. Nd7 Rb7 28. Rxb7 Nxb7 29. Qa6 Rc7 30. Qa8+ Kf7 31. Qf8+ Kg6 32. Qe8+ Kh6 33. Nf8 Nd6 34. Qd8 Rc6 35. Qd7 Rb6 36. Nxe6 1-0

[Event "St Petersburg Korchnoi Memorial op"]
[Site "St Petersburg"]
[Date "2023.08.18"]
[Round "1"]
[White "Troshichev, Yaroslav"]
[Black "Babanin, Gleb"]
[Result "0-1"]
[WhiteElo "1640"]
[BlackElo "2147"]
[PlyCount "84"]
[EventDate "2023.08.18"]
[EventType "swiss"]
[EventRounds "9"]
[EventCountry "RUS"]
[SourceTitle "EXT 2024"]
[Source "ChessBase"]
[SourceDate "2023.10.10"]
[SourceVersion "1"]
[SourceVersionDate "2023.10.10"]
[SourceQuality "1"]

1. e4 c5 2. Nf3 d6 3. d4 cxd4 4. Nxd4 Nf6 5. Nc3 a6 6. Nb3 Nbd7 7. Be3 b5 8. Be2 Bb7 9. f3 e6 10. a3 Be7 11. Qd2 Rc8 12. 0-0 0-0 13. Rfd1 Qc7 14. Rac1 Rfd8 15. a4 b4 16. Na2 d5 17. exd5 Nxd5 18. Bf2 h6 19. c4 Nf4 20. Qe1 Ne5 21. Bg3 Bg5 22. Rc2 Bc6 23. Rxd8+ Qxd8 24. Rd2 Nxe2+ 25. Rxe2 Nd3 26. Qd1 Bxa4 27. h4 Nf4 28. Rd2 Nh3+ 29. gxh3 Bxd2 30. Qxd2 Bxb3 31. Qxd8+ Rxd8 32. Nxb4 Bxc4 33. Bf4 f6 34. Nc6 Rd3 35. Kf2 Bd5 36. Ke2 Rb3 37. Ne7+ Kf7 38. Nxd5 Rxb2+ 39. Kd3 exd5 40. Kd4 Rb4+ 41. Ke3 Rxf4 42. Kxf4 a5 0-1

[Event "Chigorin Memorial 29th"]
[Site "St Petersburg"]
[Date "2022.10.30"]
[Round "9"]
[White "Antipov, Fedor"]
[Black "Troshichev, Yaroslav"]
[Result "1-0"]
[WhiteElo "1778"]
[BlackElo "1450"]
[PlyCount "99"]
[EventDate "2022.10.22"]
[EventType "swiss"]
[EventRounds "9"]
[EventCountry "RUS"]
[SourceTitle "EXT 2024"]
[Source "ChessBase"]
[SourceDate "2023.10.10"]
[SourceVersion "1"]
[SourceVersionDate "2023.10.10"]
[SourceQuality "1"]

1. e4 c5 2. Nf3 Nc6 3. d4 cxd4 4. Nxd4 Nf6 5. Nc3 e5 6. Ndb5 d6 7. Bg5 a6 8. Na3 b5 9. Bxf6 gxf6 10. Nd5 f5 11. Bxb5 axb5 12. Nxb5 Ra7 13. Nxa7 Nxa7 14. exf5 Bxf5 15. c3 Bd7 16. a4 Bg7 17. b4 0-0 18. 0-0 e4 19. Re1 Re8 20. b5 Nxb5 21. axb5 Bxb5 22. Qg4 Bd7 23. Nf6+ Qxf6 24. Qxd7 Rd8 25. Qc7 Re8 26. Qc6 Re7 27. Ra8+ Bf8 28. Qc8 Qg7 29. Re3 Re6 30. Rg3 Rg6 31. Rxg6 hxg6 32. g3 Qh6 33. Qe8 d5 34. h4 Qc1+ 35. Kg2 Qh6 36. g4 f6 37. Qe6+ Kh8 38. Qf7 Qg7 39. Rxf8+ Kh7 40. Qxg7+ Kxg7 41. Rd8 Kh6 42. Rxd5 g5 43. h5 e3 44. fxe3 Kg7 45. c4 Kf7 46. c5 Kg7 47. c6 Kh6 48. c7 f5 49. c8Q f4 50. Qh8# 1-0

[Event "Chigorin Memorial 29th"]
[Site "St Petersburg"]
[Date "2022.10.28"]
[Round "7"]
[White "Troshichev, Yaroslav"]
[Black "Melnikov, Fedor"]
[Result "0-1"]
[WhiteElo "1450"]
[BlackElo "1784"]
[PlyCount "66"]
[EventDate "2022.10.22"]
[EventType "swiss"]
[EventRounds "9"]
[EventCountry "RUS"]
[SourceTitle "EXT 2024"]
[Source "ChessBase"]
[SourceDate "2023.10.10"]
[SourceVersion "1"]
[SourceVersionDate "2023.10.10"]
[SourceQuality "1"]

1. Nf3 Nf6 2. c4 e6 3. g3 d5 4. Bg2 dxc4 5. 0-0 c5 6. Na3 Be7 7. Nxc4 0-0 8. d3 b6 9. b3 Bb7 10. Bb2 Nbd7 11. Qd2 Rc8 12. Rac1 b5 13. Na3 Qb6 14. e3 Rfd8 15. Qe2 Qa6 16. Bxf6 Bxf6 17. Nb1 Nb6 18. Rc2 c4 19. dxc4 bxc4 20. bxc4 Be4 21. Rd2 Nxc4 22. Rxd8+ Rxd8 23. Rd1 Rxd1+ 24. Qxd1 Qxa2 25. Nc3 Bxf3 26. Qxf3 Qa1+ 27. Nd1 g6 28. Bf1 Nd2 29. Qe2 Nxf1 30. Kxf1 a5 31. Qc2 a4 32. Ke2 a3 33. Kd2 a2 0-1

[Event "Chigorin Memorial 29th"]
[Site "St Petersburg"]
[Date "2022.10.22"]
[Round "1"]
[White "Troshichev, Yaroslav"]
[Black "Yurasova, Daria"]
[Result "0-1"]
[WhiteElo "1450"]
[BlackElo "2048"]
[PlyCount "86"]
[EventDate "2022.10.22"]
[EventType "swiss"]
[EventRounds "9"]
[EventCountry "RUS"]
[SourceTitle "EXT 2024"]
[Source "ChessBase"]
[SourceDate "2023.10.10"]
[SourceVersion "1"]
[SourceVersionDate "2023.10.10"]
[SourceQuality "1"]

1. Nf3 d5 2. c4 dxc4 3. e3 e6 4. Bxc4 Nf6 5. d4 a6 6. a4 Be7 7. 0-0 0-0 8. Nc3 b6 9. Qe2 Bb7 10. Rd1 Nc6 11. e4 Nb4 12. Bg5 Rc8 13. Rd2 c6 14. Rad1 b5 15. axb5 cxb5 16. Bb3 h6 17. Bxf6 Bxf6 18. d5 exd5 19. Nxd5 Bxd5 20. Bxd5 Qe7 21. Bb3 Rce8 22. Re1 Kh8 23. h3 Qc5 24. Rd7 Re7 25. Rxe7 Bxe7 26. Rd1 a5 27. Bd5 Bf6 28. g4 a4 29. h4 Nxd5 30. exd5 Qb4 31. g5 hxg5 32. hxg5 Bxb2 33. Ne5 Bxe5 34. Kg2 Kg8 35. Rh1 Re8 36. Qh5 Qe4+ 37. Kg1 g6 38. Qh7+ Kf8 39. d6 Qg4+ 40. Kf1 Qd1+ 41. Kg2 Qd5+ 42. Kg1 Bc3 43. Rh3 Re1+ 0-1

[Event "EU-ch Hybrid U08"]
[Site "Tornelo INT"]
[Date "2021.10.15"]
[Round "4"]
[White "Troshichev, Yaroslav"]
[Black "Zlate Ion, Matei"]
[Result "1-0"]
[WhiteElo "1418"]
[BlackElo "1120"]
[PlyCount "57"]
[EventDate "2021.10.15"]
[EventType "swiss"]
[EventRounds "9"]
[EventCountry "NET"]
[SourceTitle "EXT 2023"]
[Source "ChessBase"]
[SourceDate "2022.10.05"]
[SourceVersion "1"]
[SourceVersionDate "2022.10.05"]
[SourceQuality "1"]
[WhiteTeam "Russia"]
[BlackTeam "Romania"]
[WhiteTeamCountry "RUS"]
[BlackTeamCountry "ROU"]

1. d4 Nf6 2. c4 c5 3. d5 g6 4. Nc3 Bg7 5. e4 d6 6. h3 0-0 7. Bd3 a6 8. a4 Nbd7 9. f4 Re8 10. Nf3 h6 11. 0-0 e5 12. Be3 exf4 13. Bxf4 Ne5 14. Nxe5 dxe5 15. Be3 Qb6 16. Qd2 Bd7 17. Bxh6 Bxh6 18. Qxh6 Qxb2 19. Ne2 Qb6 20. a5 Qd8 21. Rf3 Nh7 22. Rxf7 Kxf7 23. Qxh7+ Kf6 24. Rf1+ Kg5 25. h4+ Kg4 26. Qxg6+ Kxh4 27. g3+ Kh3 28. Qh5+ Qh4 29. Qxh4# 1-0